000 00392nam a2200181Ia 4500
001 12965
005 20260306163019.0
008 260306t2006||||xx |||||||||||||| ||spa||
041 _aESP
082 _aRD 473.6
_bD73
100 _aLarousse
_eAUT
245 0 _aLatín
260 _c2006
300 _a715 páginas :
_ccm.
650 _aGEN
654 _aCHU
942 _cLIB
_dJUS
_fJUS
_2ddc
_n
999 _c12965
_d12965